000 00431cam a22001337a 4500
008 180718b2015 xxu||||| |||| 00| 0 eng d
020 _a9781447313373
082 _aQ C553
100 _aClarke, John and Bainton, Dave et al.
245 _aMaking policy move : towards a politics of translation and assemblage
_cby John Clarke , Dave Bainton et al.
260 _aUK
_bPolicy Press
_c2015
300 _a261p.
650 _aSocial policy
999 _c445339
_d445339